Cultura Geral - Statistics

Estatísticas Gerais
  • Esse quiz foi jogado 28 vezes
  • A pontuação média é 6 de 15
Estatísticas das Respostas
Hint Resposta % Correto
Com que fruta é envenenada a Branca de Neve? Maçã
83%
Quantos braços (erroneamente chamados de tentáculos) os polvos têm? 8
78%
Em que feriado é mais comum assar um peru no Reino Unido? Natal
78%
Que país tem Cardiff como capital? País de Gales
65%
A que filme pertence a música "Shallow"? A star is born
52%
Como se escreve 340 em numeração romana? CCCXL
48%
Se você soletrar todos os números inteiros, qual deles é o último em ordem alfabética? Zero
39%
Quem canta a música "Hotline Bling"? Drake
35%
Em que feriado é mais comum assar um peru nos EUA? Thanksgiving
30%
Que país africano sem litoral também é um nome masculino na língua inglesa? Chade
26%
Qual é a moeda das Filipinas? Peso
22%
Que tipo de animal você encontraria em um apiário? Abelhas
13%
Qual estado dos EUA está mais próximo de Londres, geograficamente? Maine
13%
Em que cordilheira você encontraria a terra natal do povo sherpa? Himalaias
9%
Qual é o nome da aba vermelha de pele que pende do queixo de um peru? Snood
0%
Nenhum quiz correspondente encontrado
Distribuição das Pontuações
Porcentagem de Pessoas com Cada Pontuação
Percentil de Números Respondidos
Sua Pontuação Histórica
Você não jogou esse quiz